000 00560cam a2200217ua 4500
001 8042
008 150105n ii |||gr||||Z||||||hin
020 _a8172011253
040 _cMAIN
041 _ahin
082 _a891.434
100 _aPrabhakar, V.,
_eEditor.
245 1 _aPrasad Rachana Sanchayan
_cEdited by Vishnu Prabhakar
250 _a1st.
260 _aNew Delhi:
_bSahitya akademi,
_c1991.
300 _a584p.
653 _aEast Indo-European & Celtic literatures
653 _aHindi essays
700 _aShah, R. Ch.,
_eEditor.
942 _cBK
999 _c7159
_d7159